| 000 | 02123nam a2200361 a 4500 | ||
|---|---|---|---|
| 001 | ebr10526648 | ||
| 003 | CaPaEBR | ||
| 006 | m u | ||
| 007 | cr cn||||||||| | ||
| 008 | 111031t20112012enkad s 001 0 eng d | ||
| 010 | _z 2011044327 | ||
| 020 | _z9780470682586 | ||
| 020 | _z9781119944775 (e-book) | ||
| 040 |
_aCaPaEBR _cCaPaEBR |
||
| 035 | _a(OCoLC)778436296 | ||
| 050 | 1 | 4 |
_aHF5549.5.E43 _bP53 2012eb |
| 082 | 0 | 4 |
_a658.4/73 _223 |
| 100 | 1 | _aPickett, K. H. Spencer. | |
| 245 | 1 | 0 |
_aFraud smart _h[electronic resource] / _cK.H. Spencer Pickett. |
| 260 |
_aWest Sussex [England] : _bJohn Wiley & Sons, _c2011, c2012. |
||
| 300 |
_axv, 258 p. : _bill. |
||
| 500 | _aIncludes index. | ||
| 505 | 0 | _apt. 1. Understanding the threat -- pt. 2. Appreciating respective roles -- pt. 3. Embracing sound ethics -- pt. 4. Recognizing red flags -- pt. 5. Mastering suitable controls. | |
| 520 |
_a"A professional guide to developing training for fraud risk and detection. This book provides a simple but effective method of developing a fraud risk awareness strategy that focuses on training employees using a six-stage approach to this task that involves understanding the threat, appreciating respective responsibilities, embracing a sound moral compass, recognizing red flags, mastering suitable internal controls, and managing the risk of fraud. Using this step-by-step approach, all senior executives, managers, employees, and associates can develop an important new skill set that will help them understand and deal with the risk of fraud in the workplace"-- _cProvided by publisher. |
||
| 533 |
_aElectronic reproduction. _bPalo Alto, Calif. : _cebrary, _d2012. _nAvailable via World Wide Web. _nAccess may be limited to ebrary affiliated libraries. |
||
| 650 | 0 | _aEmployee theft. | |
| 650 | 0 |
_aEmployee crimes _xPrevention. |
|
| 650 | 0 |
_aFraud _xPrevention. |
|
| 650 | 0 | _aAuditing, Internal. | |
| 655 | 7 |
_aElectronic books. _2local |
|
| 710 | 2 | _aebrary, Inc. | |
| 856 | 4 | 0 |
_uhttp://site.ebrary.com/lib/rucke/Doc?id=10526648 _zAn electronic book accessible through the World Wide Web; click to view |
| 999 |
_c144813 _d144813 |
||